[Event "Gibraltar ChallWk2 11th"]
[Site "Gibraltar"]
[Date "2013.01.30"]
[Round "5.6"]
[White "Barrenechea Bahamonde, Gustavo"]
[Black "Campos Calvo-Sotelo, Juan"]
[Result "1-0"]
[WhiteElo "2211"]
[BlackElo "1978"]
[PlyCount "33"]
[EventDate "2013.01.26"]
[EventType "swiss"]
[EventRounds "5"]
[EventCountry "GGB"]
[SourceTitle "BritBase"]
[Source "www.saund.co.uk"]
[SourceDate "2018.02.10"]
[SourceVersion "1"]
[SourceVersionDate "2018.02.10"]
[SourceQuality "1"]

1. e4 e6 2. d4 a6 3. Nf3 b5 4. Bd3 c5 5. c3 Bb7 6. O-O Nf6 7. Qe2 Nc6 8. d5 Ne7
9. Rd1 exd5 10. exd5 Bxd5 11. a4 c4 12. Bc2 Be6 13. axb5 axb5 14. Rxa8 Qxa8 15.
Na3 Ng6 16. Nxb5 Be7 17. Nc7+ 1-0

[Event "Gibraltar ChallWk2 11th"]
[Site "Gibraltar"]
[Date "2013.01.30"]
[Round "5.7"]
[White "Nafri, Khalil"]
[Black "Sanchez Jerez, Emilio Miguel"]
[Result "0-1"]
[WhiteElo "2091"]
[BlackElo "2203"]
[PlyCount "60"]
[EventDate "2013.01.26"]
[EventType "swiss"]
[EventRounds "5"]
[EventCountry "GGB"]
[SourceTitle "BritBase"]
[Source "www.saund.co.uk"]
[SourceDate "2018.02.10"]
[SourceVersion "1"]
[SourceVersionDate "2018.02.10"]
[SourceQuality "1"]

1. e4 Nc6 2. Nf3 g6 3. d4 Bg7 4. Nc3 d6 5. h3 a6 6. a4 e5 7. Bg5 Qd7 8. dxe5
Nxe5 9. Nd5 h6 10. Bd2 Ne7 11. Nxe5 Bxe5 12. Bc3 Nxd5 13. Bxe5 Ne3 14. fxe3
dxe5 15. Qxd7+ Bxd7 16. Bc4 Ke7 17. a5 Rad8 18. Bd5 c6 19. Bc4 h5 20. Ke2 h4
21. Rad1 g5 22. Kf2 Rdg8 23. Be2 g4 24. hxg4 Bxg4 25. Bf3 Rh6 26. Rh2 Bxf3 27.
gxf3 Rhg6 28. Rd2 Rg1 29. f4 h3 30. Re2 R8g2+ 0-1

[Event "Gibraltar ChallWk2 11th"]
[Site "Gibraltar"]
[Date "2013.01.30"]
[Round "5.8"]
[White "Becham, Khalid"]
[Black "Jaunooby, Ali R"]
[Result "1-0"]
[WhiteElo "1929"]
[BlackElo "2178"]
[PlyCount "66"]
[EventDate "2013.01.26"]
[EventType "swiss"]
[EventRounds "5"]
[EventCountry "GGB"]
[SourceTitle "BritBase"]
[Source "www.saund.co.uk"]
[SourceDate "2018.02.10"]
[SourceVersion "1"]
[SourceVersionDate "2018.02.10"]
[SourceQuality "1"]

1. e4 g6 2. d4 Bg7 3. Nc3 d6 4. f4 a6 5. a4 b6 6. Nf3 c5 7. Be3 Nf6 8. h3 Bb7
9. d5 Nh5 10. Kf2 e6 11. Bc4 e5 12. fxe5 Bxe5 13. Nxe5 Qh4+ 14. Kg1 dxe5 15.
Qf3 f5 16. Kh2 f4 17. Bf2 Qf6 18. a5 b5 19. Nxb5 axb5 20. Bxb5+ Nd7 21. Bxc5
Kd8 22. Bf2 Ba6 23. Bc6 Rb8 24. Rhb1 Qd6 25. Qa3 Kc7 26. b4 Nhf6 27. Bc5 Nxc5
28. bxc5 Qd8 29. Rb6 Qc8 30. Rab1 Rxb6 31. cxb6+ Kd8 32. Qd6+ Nd7 33. b7 Ke8
1-0

[Event "Gibraltar ChallWk2 11th"]
[Site "Gibraltar"]
[Date "2013.01.30"]
[Round "5.9"]
[White "Berg, Soren"]
[Black "Scharrer, Patrick"]
[Result "0-1"]
[WhiteElo "2152"]
[BlackElo "2248"]
[PlyCount "68"]
[EventDate "2013.01.26"]
[EventType "swiss"]
[EventRounds "5"]
[EventCountry "GGB"]
[SourceTitle "BritBase"]
[Source "www.saund.co.uk"]
[SourceDate "2018.02.10"]
[SourceVersion "1"]
[SourceVersionDate "2018.02.10"]
[SourceQuality "1"]

1. e4 c5 2. Nc3 a6 3. d3 b5 4. g3 Bb7 5. Bg2 e6 6. f4 Nf6 7. Nf3 d5 8. e5 Nfd7
9. O-O Be7 10. d4 Nc6 11. Be3 cxd4 12. Nxd4 Nxd4 13. Bxd4 g6 14. Qd2 Qc7 15.
Qe3 Nc5 16. a3 h5 17. Rad1 Rc8 18. Rd2 Na4 19. Nxa4 bxa4 20. h3 Bc5 21. c3 Bxd4
22. cxd4 a5 23. Bf3 Ba6 24. Re1 Ke7 25. g4 hxg4 26. hxg4 Rh3 27. f5 gxf5 28.
Qg5+ Kd7 29. Bg2 Rh7 30. gxf5 Qd8 31. f6 Qh8 32. Qe3 Rg8 33. Qf3 Rh1+ 34. Kf2
Rh7 0-1

[Event "Gibraltar ChallWk2 11th"]
[Site "Gibraltar"]
[Date "2013.01.30"]
[Round "5.10"]
[White "Dolzhikova, Olga"]
[Black "Gonzalvez Perales, Jose Luis"]
[Result "1-0"]
[WhiteElo "2239"]
[BlackElo "1984"]
[PlyCount "75"]
[EventDate "2013.01.26"]
[EventType "swiss"]
[EventRounds "5"]
[EventCountry "GGB"]
[SourceTitle "BritBase"]
[Source "www.saund.co.uk"]
[SourceDate "2018.02.10"]
[SourceVersion "1"]
[SourceVersionDate "2018.02.10"]
[SourceQuality "1"]

1. e4 c6 2. d4 d5 3. e5 c5 4. c3 Nc6 5. Be3 Qb6 6. Qd2 e6 7. dxc5 Bxc5 8. Bf4
Bd7 9. Nf3 Rc8 10. Bd3 Nge7 11. O-O a5 12. a4 d4 13. Na3 dxc3 14. bxc3 Bxa3 15.
Rxa3 Nd5 16. Bg3 Qc5 17. Rb3 Nd8 18. Qg5 Kf8 19. Bb5 Bxb5 20. Rxb5 Qxc3 21.
Rbb1 h6 22. Qh4 Qc4 23. Nd4 g5 24. Qg4 h5 25. Qxg5 Qxd4 26. Rfd1 Qg4 27. Qd2 h4
28. f3 Qxa4 29. Bf2 Rc2 30. Qg5 Ke8 31. Be3 Qa2 32. Bd4 h3 33. gxh3 Rxh3 34.
Bb6 Rc8 35. Qg8+ Ke7 36. Bxd8+ Rxd8 37. Rxb7+ Rd7 38. Qg5+ 1-0

[Event "Gibraltar ChallWk2 11th"]
[Site "Gibraltar"]
[Date "2013.01.30"]
[Round "5.11"]
[White "Bird, Andrew"]
[Black "Cawley, Paul F"]
[Result "1-0"]
[WhiteElo "2223"]
[BlackElo "2113"]
[PlyCount "57"]
[EventDate "2013.01.26"]
[EventType "swiss"]
[EventRounds "5"]
[EventCountry "GGB"]
[SourceTitle "BritBase"]
[Source "www.saund.co.uk"]
[SourceDate "2018.02.10"]
[SourceVersion "1"]
[SourceVersionDate "2018.02.10"]
[SourceQuality "1"]

1. d4 Nf6 2. c4 e6 3. Nf3 b6 4. g3 Bb7 5. Bg2 Be7 6. O-O O-O 7. Re1 d5 8. cxd5
exd5 9. Nc3 Nc6 10. Bf4 Nh5 11. Bd2 f5 12. Rc1 f4 13. g4 Nf6 14. Bxf4 Nxg4 15.
Bg3 Bd6 16. e4 Bxg3 17. fxg3 dxe4 18. Nxe4 Kh8 19. Neg5 Qd7 20. Ne6 Rf5 21.
Nfg5 Nf6 22. d5 Nxd5 23. Qd3 g6 24. Red1 Ne5 25. Qb3 Rxg5 26. Nxg5 c6 27. Bxd5
cxd5 28. Qc3 Qf5 29. Qxe5+ 1-0

[Event "Gibraltar ChallWk2 11th"]
[Site "Gibraltar"]
[Date "2013.01.30"]
[Round "5.13"]
[White "Vea, Odin Blikra"]
[Black "Hamer, Martyn"]
[Result "1-0"]
[WhiteElo "2233"]
[BlackElo "2025"]
[PlyCount "51"]
[EventDate "2013.01.26"]
[EventType "swiss"]
[EventRounds "5"]
[EventCountry "GGB"]
[SourceTitle "BritBase"]
[Source "www.saund.co.uk"]
[SourceDate "2018.02.10"]
[SourceVersion "1"]
[SourceVersionDate "2018.02.10"]
[SourceQuality "1"]

1. e4 g5 2. d4 h6 3. Nc3 c5 4. h4 gxh4 5. Nf3 cxd4 6. Qxd4 Nf6 7. e5 Nc6 8.
Qxh4 Ng8 9. Bf4 Qa5 10. O-O-O d6 11. Bc4 Bf5 12. exd6 O-O-O 13. Bxf7 Nf6 14.
Rhe1 Bg7 15. Qg3 Bf8 16. Nh4 Bd7 17. Ng6 Nh5 18. Qf3 Nxf4 19. Qxf4 e5 20. Qc4
Rh7 21. Nxe5 Kb8 22. Nxd7+ Rxd7 23. Re8+ Rd8 24. Rd5 Qb6 25. Rb5 Qxf2 26. Rxd8+
1-0

[Event "Gibraltar ChallWk2 11th"]
[Site "Gibraltar"]
[Date "2013.01.30"]
[Round "5.15"]
[White "Davey, Mark"]
[Black "Pena Riasco, Alexander"]
[Result "0-1"]
[WhiteElo "1990"]
[BlackElo "2156"]
[PlyCount "70"]
[EventDate "2013.01.26"]
[EventType "swiss"]
[EventRounds "5"]
[EventCountry "GGB"]
[SourceTitle "BritBase"]
[Source "www.saund.co.uk"]
[SourceDate "2018.02.10"]
[SourceVersion "1"]
[SourceVersionDate "2018.02.10"]
[SourceQuality "1"]

1. d4 d5 2. c4 c6 3. Nc3 Nf6 4. Nf3 dxc4 5. e4 b5 6. a3 Bg4 7. Be2 e6 8. Bg5
Be7 9. Qd2 O-O 10. O-O Nbd7 11. h3 Bh5 12. e5 Nd5 13. Bxe7 Qxe7 14. Ne4 a6 15.
Nd6 c5 16. dxc5 Nxc5 17. Nd4 Bxe2 18. Qxe2 Nd3 19. f4 N5xf4 20. Qe4 Qg5 21. Nc6
Nxh3+ 22. Kh2 Nhf2 23. Qd4 Ng4+ 24. Kh3 Ngxe5 25. Nxe5 Nxe5 26. Rae1 Nd3 27.
Re4 Rad8 28. Rg4 Qe5 29. Nxf7 Qxd4 30. Nh6+ Kh8 31. Rxd4 gxh6 32. Rxf8+ Rxf8
33. Rd6 Nxb2 34. Rxa6 c3 35. Rc6 Nc4 0-1

[Event "Gibraltar ChallWk2 11th"]
[Site "Gibraltar"]
[Date "2013.01.30"]
[Round "5.16"]
[White "Jameson, David"]
[Black "Bryn, Askild"]
[Result "0-1"]
[WhiteElo "2143"]
[BlackElo "2019"]
[PlyCount "70"]
[EventDate "2013.01.26"]
[EventType "swiss"]
[EventRounds "5"]
[EventCountry "GGB"]
[SourceTitle "BritBase"]
[Source "www.saund.co.uk"]
[SourceDate "2018.02.10"]
[SourceVersion "1"]
[SourceVersionDate "2018.02.10"]
[SourceQuality "1"]

1. d4 d6 2. e4 e5 3. Nf3 Nd7 4. Nc3 Ngf6 5. Bc4 Be7 6. O-O O-O 7. Re1 h6 8. h3
Re8 9. Be3 c6 10. a4 Qc7 11. a5 Nf8 12. Qd3 Bd7 13. Bb3 Ng6 14. Qe2 Bd8 15. Qd3
Qc8 16. dxe5 dxe5 17. Kh2 Bc7 18. Red1 Rd8 19. Qc4 Be6 20. Qb4 Nd5 21. exd5
cxd5 22. g3 Bd6 23. Qb5 a6 24. Qf1 d4 25. Ne4 Qc6 26. Nxd6 Qxf3 27. Bxe6 Rxd6
28. Bb3 Rf6 29. Bd2 e4 30. Qg2 Qe2 31. Bb4 Rxf2 32. Rg1 Rxg2+ 33. Rxg2 Qh5 34.
Rf1 Ne5 35. Bd6 Nf3+ 0-1

[Event "Gibraltar ChallWk2 11th"]
[Site "Gibraltar"]
[Date "2013.01.30"]
[Round "5.17"]
[White "Erdelyi, Tamas"]
[Black "Hutton, Jack"]
[Result "1-0"]
[WhiteElo "2122"]
[BlackElo "2017"]
[PlyCount "65"]
[EventDate "2013.01.26"]
[EventType "swiss"]
[EventRounds "5"]
[EventCountry "GGB"]
[SourceTitle "BritBase"]
[Source "www.saund.co.uk"]
[SourceDate "2018.02.10"]
[SourceVersion "1"]
[SourceVersionDate "2018.02.10"]
[SourceQuality "1"]

1. Nf3 Nf6 2. c4 e6 3. g3 d5 4. Bg2 Be7 5. O-O O-O 6. b3 c5 7. Bb2 d4 8. b4 Nc6
9. b5 Na5 10. d3 Nd7 11. Bc1 f6 12. Bd2 Qc7 13. Qe1 Bd8 14. e3 e5 15. exd4 cxd4
16. Bb4 Nc5 17. Qe2 Bf5 18. Bxc5 Qxc5 19. Nh4 Be6 20. f4 Bc7 21. f5 Bf7 22. Nd2
Rab8 23. Qg4 b6 24. Ne4 Qe7 25. Ng6 Bxg6 26. fxg6 h6 27. Rf5 Nb7 28. Raf1 Nd6
29. Nxd6 Bxd6 30. Bd5+ Kh8 31. Qh4 Bb4 32. Rh5 Bd2 33. Rf4 1-0

[Event "Gibraltar ChallWk2 11th"]
[Site "Gibraltar"]
[Date "2013.01.30"]
[Round "5.18"]
[White "Byrn, Carsten"]
[Black "Cichy, Michael"]
[Result "1/2-1/2"]
[WhiteElo "2114"]
[BlackElo "2014"]
[PlyCount "80"]
[EventDate "2013.01.26"]
[EventType "swiss"]
[EventRounds "5"]
[EventCountry "GGB"]
[SourceTitle "BritBase"]
[Source "www.saund.co.uk"]
[SourceDate "2018.02.10"]
[SourceVersion "1"]
[SourceVersionDate "2018.02.10"]
[SourceQuality "1"]

1. d4 Nf6 2. c4 e6 3. Nc3 Bb4 4. Nf3 b6 5. Qb3 c5 6. Bf4 Ne4 7. e3 f5 8. Rd1
O-O 9. Be2 Nc6 10. O-O Bxc3 11. bxc3 g5 12. Bg3 Qe7 13. dxc5 Nxg3 14. hxg3 bxc5
15. Qa3 Rb8 16. Nd2 d6 17. f4 h6 18. Bf3 Rb6 19. Rfe1 Ra6 20. Qb2 Qg7 21. Bxc6
Rxc6 22. Nf1 Rb6 23. Qd2 Ba6 24. Qd3 Bb7 25. Nd2 Rb8 26. Rb1 Bc8 27. Rxb6 Rxb6
28. Rb1 Rxb1+ 29. Nxb1 Qc7 30. Nd2 Bb7 31. Nf3 g4 32. Nh4 Be4 33. Qd1 Kf7 34.
Qa4 Bc6 35. Qa6 Qb7 36. Qa5 Qb6 37. Qa3 Be4 38. Qa4 Bc6 39. Qd1 Be4 40. Kh2 Bb7
1/2-1/2

[Event "Gibraltar ChallWk2 11th"]
[Site "Gibraltar"]
[Date "2013.01.30"]
[Round "5.19"]
[White "Poulsen, Klaus E"]
[Black "Perez Garcia, Alejandro"]
[Result "1/2-1/2"]
[WhiteElo "2113"]
[BlackElo "1938"]
[PlyCount "79"]
[EventDate "2013.01.26"]
[EventType "swiss"]
[EventRounds "5"]
[EventCountry "GGB"]
[SourceTitle "BritBase"]
[Source "www.saund.co.uk"]
[SourceDate "2018.02.10"]
[SourceVersion "1"]
[SourceVersionDate "2018.02.10"]
[SourceQuality "1"]

1. e4 c5 2. Nf3 Nc6 3. d4 cxd4 4. c3 dxc3 5. Nxc3 e6 6. Bc4 a6 7. Qe2 Nge7 8.
O-O Ng6 9. g3 Be7 10. Rd1 O-O 11. h4 Qa5 12. Nd5 exd5 13. exd5 Bf6 14. dxc6
dxc6 15. Ng5 Ne5 16. Qe4 Bxg5 17. b4 Qc7 18. hxg5 Nxc4 19. Bf4 Qb6 20. Qxc4 Be6
21. Qc3 Qb5 22. Be5 f6 23. gxf6 gxf6 24. Bd6 Rf7 25. Rd4 Rd8 26. Re1 Re8 27.
Bc5 b6 28. a4 Qxa4 29. Bxb6 Qb5 30. Bc5 Qb8 31. Rde4 Bd7 32. Be7 Qb7 33. Bxf6
Rxe4 34. Rxe4 c5 35. Re7 Rxe7 36. Bxe7 Bh3 37. Qc4+ Kg7 38. Qc3+ Kg8 39. Qc4+
Kg7 40. Qc3+ 1/2-1/2

[Event "Gibraltar ChallWk2 11th"]
[Site "Gibraltar"]
[Date "2013.01.30"]
[Round "5.20"]
[White "Ungureanu, Sandu"]
[Black "Uran Bermudez, Oliver Kevin"]
[Result "1-0"]
[WhiteElo "2019"]
[BlackElo "2113"]
[PlyCount "84"]
[EventDate "2013.01.26"]
[EventType "swiss"]
[EventRounds "5"]
[EventCountry "GGB"]
[SourceTitle "BritBase"]
[Source "www.saund.co.uk"]
[SourceDate "2018.02.10"]
[SourceVersion "1"]
[SourceVersionDate "2018.02.10"]
[SourceQuality "1"]

1. c4 c6 2. g3 e5 3. Bg2 d6 4. d4 Be7 5. dxe5 dxe5 6. Qxd8+ Bxd8 7. Nf3 f6 8.
Nc3 Be6 9. b3 Ba5 10. Bb2 Nd7 11. O-O-O O-O-O 12. Ne4 Ne7 13. Ba3 Nf5 14. Bh3
Bc7 15. Nh4 g6 16. Nxf5 gxf5 17. Nd6+ Bxd6 18. Rxd6 Nf8 19. Rxe6 Nxe6 20. Be7
Rde8 21. Bxf6 Rhf8 22. Bh4 Nd4 23. e4 Kc7 24. exf5 Nxf5 25. Bg5 Nd4 26. Be3 b6
27. Bg2 Rf7 28. h4 Ref8 29. Be4 Nf5 30. Bxf5 Rxf5 31. g4 R5f7 32. g5 Kd7 33. h5
Ke6 34. Kd2 Rd8+ 35. Ke2 Kf5 36. Rg1 Rfd7 37. g6 hxg6 38. Rg5+ Kf6 39. Rxg6+
Kf5 40. Rxc6 Rd1 41. c5 bxc5 42. Rxc5 R8d5 1-0

[Event "Gibraltar ChallWk2 11th"]
[Site "Gibraltar"]
[Date "2013.01.30"]
[Round "5.21"]
[White "Sevillano Garcia, Joaquin"]
[Black "Kandic, Milan"]
[Result "0-1"]
[WhiteElo "1983"]
[BlackElo "2090"]
[PlyCount "72"]
[EventDate "2013.01.26"]
[EventType "swiss"]
[EventRounds "5"]
[EventCountry "GGB"]
[SourceTitle "BritBase"]
[Source "www.saund.co.uk"]
[SourceDate "2018.02.10"]
[SourceVersion "1"]
[SourceVersionDate "2018.02.10"]
[SourceQuality "1"]

1. d4 d6 2. Nf3 Nf6 3. Nc3 g6 4. e4 Bg7 5. Be2 O-O 6. h3 Nbd7 7. O-O c6 8. Re1
Qc7 9. Bf1 e5 10. dxe5 dxe5 11. Be3 Rd8 12. Qc1 Nf8 13. Bh6 Ne6 14. Bxg7 Kxg7
15. Qe3 Nd4 16. Rac1 Nxf3+ 17. Qxf3 Be6 18. Rcd1 Rxd1 19. Rxd1 Rd8 20. Rd3 Rd4
21. Rxd4 exd4 22. Ne2 c5 23. b3 Qe5 24. Ng3 h5 25. Bd3 Bd7 26. Nf1 Bc6 27. Nd2
b5 28. Qe2 a6 29. g3 Qe6 30. Kh2 h4 31. Qf3 hxg3+ 32. fxg3 Nd7 33. Qf4 Ne5 34.
Bf1 c4 35. Bg2 d3 36. cxd3 c3 0-1

[Event "Gibraltar ChallWk2 11th"]
[Site "Gibraltar"]
[Date "2013.01.30"]
[Round "5.22"]
[White "Kozarcanin, Sead"]
[Black "Lochte, Szilvia"]
[Result "0-1"]
[WhiteElo "2090"]
[BlackElo "1923"]
[PlyCount "83"]
[EventDate "2013.01.26"]
[EventType "swiss"]
[EventRounds "5"]
[EventCountry "GGB"]
[SourceTitle "BritBase"]
[Source "www.saund.co.uk"]
[SourceDate "2018.02.10"]
[SourceVersion "1"]
[SourceVersionDate "2018.02.10"]
[SourceQuality "1"]

1. e4 c5 2. Ne2 e6 3. Nbc3 Nc6 4. f4 d5 5. d3 d4 6. Nb1 Nf6 7. g3 Be7 8. Bg2 h5
9. h3 Rb8 10. O-O b5 11. a4 a6 12. Nd2 Qb6 13. axb5 axb5 14. b3 Bb7 15. Bf3 Qc7
16. Kg2 g6 17. Bb2 O-O 18. c3 Rfd8 19. cxd4 Nb4 20. Nb1 c4 21. d5 exd5 22. e5
Ne4 23. d4 Nd3 24. Qc2 b4 25. Bc1 Nxc1 26. Rxc1 c3 27. h4 Qd7 28. Ng1 Rdc8 29.
Qe2 Ra8 30. Rxa8 Rxa8 31. Qc2 Qb5 32. Be2 Qa5 33. Bd3 Qb6 34. Nf3 Qe6 35. Kh2
Qg4 36. Qg2 Ra2 37. Rc2 Ra1 38. Rc1 Ba6 39. Bc2 Ra2 40. Ne1 Bd8 41. Qf3 Qxf3
42. Nxf3 {The remainder of the scoresheet is illegible} 0-1

[Event "Gibraltar ChallWk2 11th"]
[Site "Gibraltar"]
[Date "2013.01.30"]
[Round "5.23"]
[White "Adebajo, Olufemi"]
[Black "Schouten, Freek"]
[Result "1/2-1/2"]
[WhiteElo "1949"]
[BlackElo "2060"]
[PlyCount "85"]
[EventDate "2013.01.26"]
[EventType "swiss"]
[EventRounds "5"]
[EventCountry "GGB"]
[SourceTitle "BritBase"]
[Source "www.saund.co.uk"]
[SourceDate "2018.02.10"]
[SourceVersion "1"]
[SourceVersionDate "2018.02.10"]
[SourceQuality "1"]

1. e4 c5 2. Nf3 Nc6 3. Nc3 e6 4. Bb5 Nd4 5. O-O a6 6. Bd3 d6 7. Re1 Nf6 8. Nxd4
cxd4 9. Ne2 e5 10. c3 dxc3 11. bxc3 Be6 12. Bc2 Be7 13. d4 O-O 14. f4 Bc4 15.
Ng3 Re8 16. a4 Qa5 17. Bd2 Bf8 18. fxe5 dxe5 19. Rb1 b5 20. axb5 axb5 21. Bb3
Qc7 22. Bg5 Qc6 23. d5 Qc5+ 24. Kh1 Bxb3 25. Qxb3 Ng4 26. h3 Nf2+ 27. Kh2 Nd3
28. Be3 Qc4 29. Rf1 Ra3 30. Qxb5 Qxb5 31. Rxb5 Rxc3 32. Rb7 Nf4 33. Bxf4 exf4
34. Rxf4 Bd6 35. Rf3 Rxf3 36. gxf3 f5 37. Kg2 Bxg3 38. Kxg3 fxe4 39. fxe4 Rxe4
40. d6 Rd4 41. d7 Kf8 42. Rb8+ Ke7 43. Rg8 1/2-1/2

[Event "Gibraltar ChallWk2 11th"]
[Site "Gibraltar"]
[Date "2013.01.30"]
[Round "5.24"]
[White "Reppen, Ellisiv"]
[Black "Kvisla, Johannes Luangtep"]
[Result "0-1"]
[WhiteElo "2005"]
[BlackElo "2148"]
[PlyCount "124"]
[EventDate "2013.01.26"]
[EventType "swiss"]
[EventRounds "5"]
[EventCountry "GGB"]
[SourceTitle "BritBase"]
[Source "www.saund.co.uk"]
[SourceDate "2018.02.10"]
[SourceVersion "1"]
[SourceVersionDate "2018.02.10"]
[SourceQuality "1"]

1. e4 d6 2. d4 Nf6 3. Nc3 Nbd7 4. Nf3 e5 5. dxe5 dxe5 6. Bc4 Bc5 7. O-O c6 8.
Qe2 b5 9. Bb3 h6 10. Be3 Be7 11. Rad1 Qc7 12. a3 O-O 13. h3 a5 14. Nh4 Nc5 15.
Ng6 Nxb3 16. Nxe7+ Qxe7 17. cxb3 b4 18. axb4 axb4 19. Na4 Ba6 20. Qc2 Bxf1 21.
Bc5 Qe6 22. Bxf8 Bxg2 23. Kxg2 Rxf8 24. Nc5 Qc8 25. Qc4 Nh5 26. Rd7 Nf4+ 27.
Kh2 Kh7 28. Qxb4 Rd8 29. Qd2 f6 30. f3 Rg8 31. b4 Qe8 32. Qf2 Qg6 33. Nd3 Rb8
34. Nxf4 exf4 35. Rd6 Rxb4 36. Rxc6 Rb5 37. Rc2 Qh5 38. Qf1 Rb3 39. Rf2 Qc5 40.
Qg2 Qe3 41. Qf1 Rd3 42. Qg2 h5 43. Qf1 Rb3 44. Qg2 Kh6 45. Qf1 Rd3 46. Kg2 Rd8
47. Kh2 Rb8 48. Qe2 Rb3 49. Qxe3 fxe3 50. Re2 Kg5 51. Kg2 Kf4 52. h4 Rd3 53.
Kf1 Kxf3 54. Ke1 Kxe4 55. Rg2 Rb3 56. Rxg7 Rxb2 57. Re7+ Kf3 58. Kd1 e2+ 59.
Kc1 Ra2 60. Re6 Ra1+ 61. Kd2 Rd1+ 62. Kc2 e1=Q 0-1

[Event "Gibraltar ChallWk2 11th"]
[Site "Gibraltar"]
[Date "2013.01.30"]
[Round "5.25"]
[White "Gieritz, Dietmar"]
[Black "Canonne, Antoine"]
[Result "1-0"]
[WhiteElo "2112"]
[BlackElo "2002"]
[PlyCount "107"]
[EventDate "2013.01.26"]
[EventType "swiss"]
[EventRounds "5"]
[EventCountry "GGB"]
[SourceTitle "BritBase"]
[Source "www.saund.co.uk"]
[SourceDate "2018.02.10"]
[SourceVersion "1"]
[SourceVersionDate "2018.02.10"]
[SourceQuality "1"]

1. Nf3 Nc6 2. d4 d5 3. g3 Nf6 4. Bg2 Bf5 5. O-O e6 6. c4 Be7 7. Qa4 O-O 8. Rd1
Nb4 9. Ne1 c6 10. a3 Na6 11. Nc3 h6 12. Nd3 Nd7 13. cxd5 exd5 14. Bf4 g5 15.
Bc1 Nc7 16. Qb3 Rb8 17. e4 dxe4 18. Bxe4 Bxe4 19. Nxe4 Nd5 20. f4 f5 21. Nef2
Qb6 22. Qc4 g4 23. b4 N7f6 24. Re1 Rbe8 25. Ra2 Bd6 26. Ne5 Kg7 27. Rae2 Qc7
28. Rc2 Nb6 29. Qd3 Nfd5 30. Rce2 Bxe5 31. fxe5 Re6 32. Qb3 Qe7 33. Nd3 Nd7 34.
Bf4 Rd8 35. Rf1 Rf8 36. Ref2 Qe8 37. Qc2 Qd8 38. Bc1 Qb6 39. Nc5 Nxc5 40. bxc5
Qc7 41. Rxf5 Rxf5 42. Qxf5 Qe7 43. Qxg4+ Rg6 44. Qf5 b6 45. cxb6 axb6 46. Kh1
Nc7 47. Rf4 Ne6 48. Rg4 Rxg4 49. Qxg4+ Kh7 50. Qe4+ Kg7 51. Qxc6 Qf7 52. Kg2
Nxd4 53. Qxh6+ Kg8 54. Qg5+ 1-0

[Event "Gibraltar ChallWk2 11th"]
[Site "Gibraltar"]
[Date "2013.01.30"]
[Round "5.26"]
[White "Petersen, Steffen"]
[Black "Brokko, Margit"]
[Result "0-1"]
[WhiteElo "1964"]
[BlackElo "2073"]
[PlyCount "76"]
[EventDate "2013.01.26"]
[EventType "swiss"]
[EventRounds "5"]
[EventCountry "GGB"]
[SourceTitle "BritBase"]
[Source "www.saund.co.uk"]
[SourceDate "2018.02.10"]
[SourceVersion "1"]
[SourceVersionDate "2018.02.10"]
[SourceQuality "1"]

1. c4 e5 2. Nc3 Nc6 3. g3 g6 4. Bg2 Bg7 5. d3 d6 6. Nf3 h6 7. O-O Be6 8. Bd2
Qd7 9. Re1 Bh3 10. Bh1 Nge7 11. Rb1 O-O 12. b4 f5 13. e3 g5 14. Nxg5 hxg5 15.
Qh5 g4 16. b5 Nd8 17. Nd5 c6 18. Nxe7+ Qxe7 19. Bb4 Rf6 20. d4 Qf8 21. dxe5 Rh6
22. Qg5 Ne6 23. Qxh6 Bxh6 24. bxc6 bxc6 25. Bxc6 Qc8 26. Bd5 dxe5 27. Bd6 Kh7
28. Rb7+ Kg6 29. Reb1 Ng5 30. c5 Qd8 31. Rc7 Rc8 32. Rbb7 Rxc7 33. Rxc7 Bf8 34.
Rc6 Kh5 35. Ra6 Bxd6 36. cxd6 Qd7 37. Bc6 Qc8 38. d7 Qxa6 0-1

[Event "Gibraltar ChallWk2 11th"]
[Site "Gibraltar"]
[Date "2013.01.30"]
[Round "5.28"]
[White "Smith, Andrew Philip"]
[Black "Campbell, Ian"]
[Result "1/2-1/2"]
[WhiteElo "2175"]
[BlackElo "1998"]
[PlyCount "55"]
[EventDate "2013.01.26"]
[EventType "swiss"]
[EventRounds "5"]
[EventCountry "GGB"]
[SourceTitle "BritBase"]
[Source "www.saund.co.uk"]
[SourceDate "2018.02.10"]
[SourceVersion "1"]
[SourceVersionDate "2018.02.10"]
[SourceQuality "1"]

1. e4 g6 2. d4 Bg7 3. Nc3 d6 4. Be3 a6 5. Qd2 Nd7 6. g4 h6 7. Bg2 e6 8. O-O-O
Ne7 9. f4 b5 10. h4 Nb6 11. b3 Bb7 12. h5 Qd7 13. hxg6 fxg6 14. f5 g5 15. e5
Bxg2 16. Qxg2 exf5 17. gxf5 Nxf5 18. exd6 Nxe3 19. Qe4+ Kd8 20. Qxe3 Qxd6 21.
Kb1 Re8 22. Qf3 Kc8 23. Nge2 Kb8 24. Ng3 Ka7 25. Nf5 Qf6 26. Qg3 Rac8 27. Nxg7
Qxg7 28. Qf3 1/2-1/2

[Event "Gibraltar ChallWk2 11th"]
[Site "Gibraltar"]
[Date "2013.01.30"]
[Round "5.29"]
[White "Haddock, Paul"]
[Black "Dasaolu, Rotimi"]
[Result "1/2-1/2"]
[WhiteElo "1674"]
[BlackElo "2115"]
[PlyCount "39"]
[EventDate "2013.01.26"]
[EventType "swiss"]
[EventRounds "5"]
[EventCountry "GGB"]
[SourceTitle "BritBase"]
[Source "www.saund.co.uk"]
[SourceDate "2018.02.10"]
[SourceVersion "1"]
[SourceVersionDate "2018.02.10"]
[SourceQuality "1"]

1. e4 c6 2. d4 d5 3. e5 Bf5 4. Nf3 e6 5. Be2 c5 6. dxc5 Bxc5 7. O-O Ne7 8. Nc3
h6 9. Na4 Bb4 10. Bd2 Nbc6 11. Bb5 O-O 12. a3 Bxd2 13. Qxd2 Qc7 14. Rfe1 Be4
15. Nc3 Bxf3 16. gxf3 Nxe5 17. Qf4 N7g6 18. Qg3 Rac8 19. Bd3 Nxd3 20. Qxc7
1/2-1/2

[Event "Gibraltar ChallWk2 11th"]
[Site "Gibraltar"]
[Date "2013.01.30"]
[Round "5.30"]
[White "Suez-Panama, Gilles"]
[Black "Samu, Sorin-Mihai"]
[Result "0-1"]
[WhiteElo "1989"]
[BlackElo "2095"]
[PlyCount "88"]
[EventDate "2013.01.26"]
[EventType "swiss"]
[EventRounds "5"]
[EventCountry "GGB"]
[SourceTitle "BritBase"]
[Source "www.saund.co.uk"]
[SourceDate "2018.02.10"]
[SourceVersion "1"]
[SourceVersionDate "2018.02.10"]
[SourceQuality "1"]

1. d4 c6 2. Nf3 Nf6 3. c4 d6 4. Nc3 Bf5 5. Nh4 Bg6 6. Qb3 Qb6 7. Nxg6 hxg6 8.
f3 Nbd7 9. Qxb6 axb6 10. e4 e5 11. Be3 Nh5 12. h3 Be7 13. O-O-O Ng3 14. Rg1
Nxf1 15. Rgxf1 g5 16. d5 c5 17. Kb1 g6 18. Nb5 Kd8 19. Rd3 f5 20. Rdd1 Rh5 21.
Rh1 fxe4 22. fxe4 Nf6 23. g4 Rh7 24. Bxg5 Nxe4 25. Bxe7+ Kxe7 26. Rh2 Rf8 27.
Nc7 Rf2 28. Rhh1 Nd2+ 29. Ka1 Nxc4 30. Ne6 Nxb2 31. Rdf1 Rhf7 32. Rc1 b5 33. h4
b4 34. h5 gxh5 35. Rxh5 Na4 36. Ng5 Rf1 37. Rb1 Nc3 38. Rxf1 Rxf1+ 39. Kb2 b5
40. Rh7+ Kf8 41. Ne6+ Kg8 42. Rg7+ Kh8 43. Rg5 Nxd5 44. Rh5+ Kg8 0-1